<?xml version="1.0" encoding="UTF-8"?>
<record
    xmlns:xsi="http://www.w3.org/2001/XMLSchema-instance"
    xsi:schemaLocation="http://www.loc.gov/MARC21/slim http://www.loc.gov/standards/marcxml/schema/MARC21slim.xsd"
    xmlns="http://www.loc.gov/MARC21/slim">

  <leader>02036nam a22003617a 4500</leader>
  <controlfield tag="003">EG-ScBUE</controlfield>
  <controlfield tag="005">20220323111939.0</controlfield>
  <controlfield tag="008">131008s2006    nyu    f   b  001 p eng d</controlfield>
  <datafield tag="020" ind1=" " ind2=" ">
    <subfield code="a">0143039954</subfield>
  </datafield>
  <datafield tag="020" ind1=" " ind2=" ">
    <subfield code="a">9780143039952</subfield>
  </datafield>
  <datafield tag="040" ind1=" " ind2=" ">
    <subfield code="a">EG-ScBUE</subfield>
    <subfield code="b">eng</subfield>
    <subfield code="e">rda</subfield>
    <subfield code="c">EG-ScBUE</subfield>
    <subfield code="d">EG-ScBUE</subfield>
  </datafield>
  <datafield tag="041" ind1="1" ind2=" ">
    <subfield code="a">eng</subfield>
    <subfield code="h">gre</subfield>
  </datafield>
  <datafield tag="082" ind1="0" ind2="4">
    <subfield code="a">883.01</subfield>
    <subfield code="b">HOM</subfield>
    <subfield code="2">22</subfield>
  </datafield>
  <datafield tag="100" ind1="0" ind2=" ">
    <subfield code="a">Homer,</subfield>
    <subfield code="e">author.</subfield>
    <subfield code="9">5722</subfield>
  </datafield>
  <datafield tag="245" ind1="1" ind2="0">
    <subfield code="a">The odyssey /</subfield>
    <subfield code="c">Homer ; translated by Robert Fagles ; introduction and notes by Bernard Knox.</subfield>
  </datafield>
  <datafield tag="264" ind1=" " ind2="1">
    <subfield code="a">New York :</subfield>
    <subfield code="b">Penguin Books,</subfield>
    <subfield code="c">2006.</subfield>
  </datafield>
  <datafield tag="300" ind1=" " ind2=" ">
    <subfield code="a">x, 541 pages ;</subfield>
    <subfield code="c">24 cm.</subfield>
  </datafield>
  <datafield tag="336" ind1=" " ind2=" ">
    <subfield code="2">rdacontent</subfield>
    <subfield code="a">text</subfield>
    <subfield code="b">txt</subfield>
  </datafield>
  <datafield tag="337" ind1=" " ind2=" ">
    <subfield code="2">rdamedia</subfield>
    <subfield code="a">unmediated</subfield>
    <subfield code="b">n</subfield>
  </datafield>
  <datafield tag="338" ind1=" " ind2=" ">
    <subfield code="2">rdacarrier</subfield>
    <subfield code="a">volume</subfield>
    <subfield code="b">nc</subfield>
  </datafield>
  <datafield tag="490" ind1="0" ind2=" ">
    <subfield code="a">Penguin classics</subfield>
  </datafield>
  <datafield tag="504" ind1=" " ind2=" ">
    <subfield code="a">Includes bibliographical references.</subfield>
  </datafield>
  <datafield tag="505" ind1=" " ind2=" ">
    <subfield code="a">Introduction: Spelling and pronunciation of Homeric names -- Maps: Homeric geography : Mainland Greece --
Peloponnese -- Aegean and Asia Minor -- Inset: Troy and vicinity -- Homer: Odyssey : Athena inspires the prince --Telemachus sets sail -- King Nestor remembers -- King and queen of Sparta -- Odysseus- Nymph and shipwreck -- Princess and the stranger -- Phaeacia's halls and gardens -- Day for songs and contests -- In the one-eyed giant's cave --
Bewitching queen of Aeaea --
Kingdom of the dead --
Cattle of the sun --
Ithaca at last --
Loyal swineherd --
Prince sets sail for home --
Father and son --
Stranger at the gates --
Beggar-king of Ithaca --
Penelope and her guest --
Portents gather --
Odysseus strings his bow --
Slaughter in the hall --
Great rooted bed --
Peace.</subfield>
  </datafield>
  <datafield tag="546" ind1=" " ind2=" ">
    <subfield code="a">Text in English ; translated from original Ancient Greek.</subfield>
  </datafield>
  <datafield tag="650" ind1=" " ind2="7">
    <subfield code="a">Epic poetry, Greek</subfield>
    <subfield code="v">Translations into English.</subfield>
    <subfield code="2">BUEsh</subfield>
    <subfield code="9">24763</subfield>
  </datafield>
  <datafield tag="650" ind1=" " ind2="7">
    <subfield code="a">Odysseus (Greek mythology)</subfield>
    <subfield code="v">Poetry.</subfield>
    <subfield code="2">BUEsh</subfield>
    <subfield code="9">24764</subfield>
  </datafield>
  <datafield tag="651" ind1=" " ind2=" ">
    <subfield code="2">BUEsh</subfield>
  </datafield>
  <datafield tag="653" ind1=" " ind2=" ">
    <subfield code="c">October2013</subfield>
    <subfield code="b">GGEN</subfield>
  </datafield>
  <datafield tag="655" ind1=" " ind2=" ">
    <subfield code="v">Reading book</subfield>
    <subfield code="9">34232</subfield>
  </datafield>
  <datafield tag="700" ind1="1" ind2=" ">
    <subfield code="a">Fagles, Robert,</subfield>
    <subfield code="e">translator.</subfield>
    <subfield code="9">33617</subfield>
  </datafield>
  <datafield tag="700" ind1="1" ind2=" ">
    <subfield code="a">Knox, Bernard,</subfield>
    <subfield code="e">author of introduction, etc.</subfield>
    <subfield code="9">33929</subfield>
  </datafield>
  <datafield tag="942" ind1=" " ind2=" ">
    <subfield code="2">ddc</subfield>
    <subfield code="c">BB</subfield>
  </datafield>
  <datafield tag="999" ind1=" " ind2=" ">
    <subfield code="c">17603</subfield>
    <subfield code="d">17575</subfield>
  </datafield>
  <datafield tag="952" ind1=" " ind2=" ">
    <subfield code="0">0</subfield>
    <subfield code="1">0</subfield>
    <subfield code="2">ddc</subfield>
    <subfield code="4">0</subfield>
    <subfield code="7">0</subfield>
    <subfield code="8">Baccah</subfield>
    <subfield code="a">MAIN</subfield>
    <subfield code="b">MAIN</subfield>
    <subfield code="c">2ND</subfield>
    <subfield code="d">2013-10-08</subfield>
    <subfield code="e">Purchase</subfield>
    <subfield code="g">110.00</subfield>
    <subfield code="h">18079</subfield>
    <subfield code="l">6</subfield>
    <subfield code="m">32</subfield>
    <subfield code="o">883.01 HOM</subfield>
    <subfield code="p">000040790</subfield>
    <subfield code="r">2025-07-15 00:00:00</subfield>
    <subfield code="s">2024-06-11</subfield>
    <subfield code="y">BB</subfield>
  </datafield>
</record>
